00863nam a22002531 450000100060000000300080000600500170001400800390003103500190007003500180008904000270010704100080013408200230014224500660016526000470023130000210027849000660029950000740036550400370043965000210047665000200049770000260051783000660054335521BD-RjUL20211209052333.0140526s1962 nyu b 001 0 eng a(BD-RjUL)35615 a(OCoLC)258754 aDLCcOSWdBD-RjULbeng aeng a355.0335bCHA 196210aChanging patterns of military politics /cSamuel P Huntington aNew York :bFree Press of Glencoe,cc1962. a272 p. ;c24 cm. aInternational yearbook of political behavior research ;vv. 3 a"Recent writings in military politics--foci and corpora": p. 235-266. aIncludes Bibliography and index. 0aMilitary policy. 0aWorld politics.1 aHuntington, Samuel P.1 aInternational yearbook of political behavior research ;vv. 3